| 000 | 00548nam a22001697a 4500 | ||
|---|---|---|---|
| 003 | NUST | ||
| 038 | _aNusrat Nadeem | ||
| 082 | _a200 | ||
| 100 |
_aMalik, Abdul Saboor _996822 |
||
| 245 |
_aA Forensic Framework for Webmail Threat Monitoring and Log Analysis / _cAbdul Saboor Malik |
||
| 264 |
_aIslamabad : _bSEECS, NUST, _c2022. |
||
| 300 | _a47 p. ; | ||
| 650 |
_aMS-Computer Science _926780 |
||
| 700 |
_aSupervisor: Dr. Muhammad Khurram Shahzad _996824 |
||
| 856 | _uhttp://10.250.8.41:8080/xmlui/handle/123456789/29279 | ||
| 942 |
_2ddc _cSC |
||
| 999 |
_c590888 _d590888 |
||